Exploring medieval India : (Record no. 21277)

MARC details
000 -LEADER
fixed length control field 00587cam a2200193 a 4500
020 ## - INTERNATIONAL STANDARD BOOK NUMBER
ISBN 9788125041030 (pbk.) (v. 1)
020 ## - INTERNATIONAL STANDARD BOOK NUMBER
ISBN 8125041036 (pbk.) (v. 1)
020 ## - INTERNATIONAL STANDARD BOOK NUMBER
ISBN 9788125041047 (pbk.) (v. 2)
020 ## - INTERNATIONAL STANDARD BOOK NUMBER
ISBN 8125041044 (pbk.) (v. 2)
082 04 - DEWEY DECIMAL CLASSIFICATION NUMBER
Classification number 954.025
Author Cutter BHA
245 00 - TITLE STATEMENT
Title Exploring medieval India :
260 ## - PUBLICATION, DISTRIBUTION, ETC. (IMPRINT)
Place of publication New Delhi :
Name of publisher Orient BlackSwan,
Year of publication 2010.
300 ## - PHYSICAL DESCRIPTION
Number of Pages 2 v. :
Other physical details ill. ;
505 0# - FORMATTED CONTENTS NOTE
Formatted contents note v. 1. Politics, economy, religion -- v. 2. Culture, gender, regional patterns.
520 ## - SUMMARY, ETC.
Summary, etc Contributed articles.
942 ## - ADDED ENTRY ELEMENTS (KOHA)
Koha item type Books
700 1# -
-- Bhargava, Meena.
Holdings
Home library Current library Shelving location Date acquired Full call number Accession Number Koha item type
Henry Martyn Institute Library Henry Martyn Institute Library General stacks 08/02/2018 954.025 BHA VOL II 23596 Books
Henry Martyn Institute Library Henry Martyn Institute Library General stacks 08/02/2018 954.025 BHA VOL I 23595 Books
                   Copyright © 2026 | Henry Martyn Institute | Hyderabad | TS-500052 | INDIA | Implemented by hmi.edu.in
Hit-Count:

Powered by Koha